000 00670nam a2200217Ii 4500
003 JO-AjNU
008 230605s9999||||xx |||||||||||||| ||und||
017 _a1992/5/329
040 _aJO-AjNU
_bara
_erda
_cJO-AjNU
041 _aara
050 1 4 _aKMM283.M8222.1992
100 3 _a المبيض ، أحمد محمد ,
_eauthor
_913264
245 0 0 _aتشريعات القضاء في دولة فلسطين
250 _aط1
264 3 1 _aعمان : د ، ن ، 1992
300 _a184ص
336 _atext
_btxt
_2rdacontent
337 _aunmediated
_bn
_2rdamedia
338 _avolume
_bnc
_2rdacarrier
650 4 _aالقانون المدني -- تشريعات
_913265
999 _aA3257
_c6825
_d6825